European investor confidence survey Winter 2011/2012 (Record no. 83892)
[ view plain ]
| 000 -LEADER | |
|---|---|
| fixed length control field | 01469cad a22002175a 4500 |
| 001 - CONTROL NUMBER | |
| control field | L155665 |
| 008 - FIXED-LENGTH DATA ELEMENTS--GENERAL INFORMATION | |
| fixed length control field | 120402s2012 xxk 000 0 eng d |
| 035 ## - SYSTEM CONTROL NUMBER | |
| System control number | (Sirsi) u155665 |
| 041 0# - LANGUAGE CODE | |
| Language code of text/sound track or separate title | eng |
| 110 2# - MAIN ENTRY--CORPORATE NAME | |
| Corporate name or jurisdiction name as entry element | BNP Paribas Real Estate |
| 9 (RLIN) | 5715 |
| 245 00 - TITLE STATEMENT | |
| Title | European investor confidence survey Winter 2011/2012 |
| Medium | [electronic resource] |
| 260 ## - PUBLICATION, DISTRIBUTION, ETC. | |
| Place of publication, distribution, etc. | [S.I.] |
| Name of publisher, distributor, etc. | BNP Paribas |
| Date of publication, distribution, etc. | 2012 |
| 490 #0 - SERIES STATEMENT | |
| Series statement | BNP Paribas European Investor Confidence Survey |
| Volume/sequential designation | Winter 2011/2012 |
| 520 ## - SUMMARY, ETC. | |
| Summary, etc. | Europe's sovereign debt crisis has not killed property investment but investors are taking a sober view about the likelihood of better conditions, particularly for total returns and rental growth. Most sectors have seen slippage in confidence and expectations of improvement. The prime office sector remains important but there are indications that investors are thinking more widely about asset types that may present good growth prospects over the next twelve months. This is perhaps not surprising given that while the demand for core offices is good, supply, as always, is finite. Residential stands out as the sector foreseeing growth. |
| 590 ## - LOCAL NOTE (RLIN) | |
| Local note | KA |
| 651 #4 - SUBJECT ADDED ENTRY--GEOGRAPHIC NAME | |
| Geographic name | Europe |
| 690 ## - LOCAL SUBJECT ADDED ENTRY--TOPICAL TERM (OCLC, RLIN) | |
| Topical term or geographic name as entry element | Commercial property |
| 9 (RLIN) | 6227 |
| 690 ## - LOCAL SUBJECT ADDED ENTRY--TOPICAL TERM (OCLC, RLIN) | |
| Topical term or geographic name as entry element | Residential property |
| 9 (RLIN) | 6266 |
| 856 40 - ELECTRONIC LOCATION AND ACCESS | |
| Uniform Resource Identifier | <a href="https://www.realestate.bnpparibas.com/bnppre/overview-european-property-investors-taking-a-sober-view-february-2012-p_58054">https://www.realestate.bnpparibas.com/bnppre/overview-european-property-investors-taking-a-sober-view-february-2012-p_58054</a> |
| Public note | View the survey after creating an account (free) at www.realestate.bnpparibas.com |
| 942 ## - ADDED ENTRY ELEMENTS (KOHA) | |
| Suppress in OPAC | 0 |
| Withdrawn status | Lost status | Source of classification or shelving scheme | Damaged status | Not for loan | Home library | Current library | Shelving location | Date acquired | Total Checkouts | Full call number | Barcode | Date last seen | Copy number | Price effective from | Koha item type |
|---|---|---|---|---|---|---|---|---|---|---|---|---|---|---|---|
| Dewey Decimal Classification | Virtual | Virtual | Online | 02/04/2012 | ONLINE PUBLICATION | 155665-2001 | 06/08/2019 | 1 | 06/08/2019 | Book |